Fundamentals modern VLSI devices (Record no. 171825)

000 -LEADER
fixed length control field 00367nam a2200133Ia 4500
008 - FIXED-LENGTH DATA ELEMENTS--GENERAL INFORMATION
fixed length control field 220217s9999||||xx |||||||||||||| ||und||
020 ## - INTERNATIONAL STANDARD BOOK NUMBER
International Standard Book Number 0-521-54085-2
082 ## - DEWEY DECIMAL CLASSIFICATION NUMBER
Classification number 621.381 73 TAU
100 ## - MAIN ENTRY--PERSONAL NAME
Personal name Taur, Yuan Ning, Tak, H
245 #0 - TITLE STATEMENT
Title Fundamentals modern VLSI devices
260 ## - PUBLICATION, DISTRIBUTION, ETC.
Place of publication, distribution, etc. Cambridge press
Name of publisher, distributor, etc. United Kingdom
Date of publication, distribution, etc. 1998
300 ## - PHYSICAL DESCRIPTION
Other physical details 395
650 ## - SUBJECT ADDED ENTRY--TOPICAL TERM
Topical term or geographic name entry element CIRCUITRY
Holdings
Withdrawn status Lost status Damaged status Not for loan Collection code Home library Current library Shelving location Date acquired Full call number Barcode Date last seen Price effective from Koha item type
        Electronics and Communication Engineering Central Library Central Library Reference 02/18/2022 621.381 73 TAU 7014 02/18/2022 02/18/2022 Books

Powered by Koha